ITV Racing Team - Statistics

General Stats
  • This quiz has been taken 21 times
  • The average score is 13 of 20
Answer Stats
Hint Answer % Correct
Ruby Walsh
100%
Oli Bell
83%
Ed Chamberlin
83%
Matt Chapman
83%
Mick Fitzgerald
83%
AP McCoy
83%
Rishi Persad
83%
Brough Scott
83%
Kevin Blake
67%
Francesca Cumani
67%
Luke Harvey
67%
Charlotte Hawkins
67%
Chris Hughes
67%
Alice Plunkett
67%
Ken Pitterson
50%
Brian Gleeson
33%
Richard Hoiles
33%
Adele Mulrennan
33%
Johnny Murtagh
33%
Jason Weaver
33%
No matching quizzes found
Score Distribution
Percent of People with Each Score
Percentile by Number Answered
Your Score History
You have not taken this quiz